书目信息 |
| 题名: |
AutoCAD2014中文版建筑设计标准教材
|
|
| 作者: | 张日晶 , 胡仁喜 编著 | |
| 分册: | ||
| 出版信息: | 北京 科学出版社 2015.4 |
|
| 页数: | 332页 | |
| 开本: | 26cm | |
| 丛书名: | ||
| 单 册: | ||
| 中图分类: | TU201.4 | |
| 科图分类: | ||
| 主题词: | 建筑设计--计算机辅助设计--AutoCAD软件--教材 | |
| 电子资源: | ||
| ISBN: | 978-7-03-043541-5 | |
| 000 | 00729nam0 2200229 450 | |
| 001 | 0400001775 | |
| 005 | 20171019155547.0 | |
| 010 | @a978-7-03-043541-5@dCNY39.80 | |
| 100 | @a20150712e2015 em y0chiy50 ea | |
| 101 | 0 | @achi |
| 102 | @aCN@b110000 | |
| 105 | @aak z 000yy | |
| 106 | @ar | |
| 200 | 1 | @aAutoCAD2014中文版建筑设计标准教材@9AutoCAD2014 zhong wen ban jian zhu she ji biao zhun jiao cai@f张日晶,胡仁喜编著 |
| 210 | @a北京@c科学出版社@d2015.4 | |
| 215 | @a332页@c图,表@d26cm | |
| 606 | 0 | @a建筑设计@x计算机辅助设计@xAutoCAD软件@x教材 |
| 690 | @aTU201.4@v5 | |
| 701 | 0 | @a张日晶@9zhang ri jing@4编著 |
| 701 | 0 | @a胡仁喜@9hu ren xi@4编著 |
| 801 | 0 | @aCN@b91MARC@c20171019 |
| 905 | @b1025621-5@dTU201.4@f5@e1041 | |
| AutoCAD2014中文版建筑设计标准教材/张日晶,胡仁喜编著.-北京:科学出版社,2015.4 |
| 332页:图,表;26cm |
| ISBN 978-7-03-043541-5:CNY39.80 |
| ● |
| 相关链接 |
|
|
|
|
正题名:AutoCAD2014中文版建筑设计标准教材
索取号:TU201.4/1041
 
预约/预借
| 序号 | 登录号 | 条形码 | 馆藏地/架位号 | 状态 | 备注 |
| 1 | 1025621 | 210256211 | 第二样本阅览室/ [索取号:TU201.4/1041] | 在馆 | |
| 2 | 1025622 | 210256220 | 密集书库-生命科学系/ [索取号:TU201.4/1041] | 在馆 | |
| 3 | 1025623 | 210256239 | 第三借阅区/ [索取号:TU201.4/1041] | 在馆 | |
| 4 | 1025624 | 210256248 | 第三借阅区/ [索取号:TU201.4/1041] | 在馆 | |
| 5 | 1025625 | 210256257 | 第三借阅区/ [索取号:TU201.4/1041] | 在馆 |